Quantum electrodynamics, second edition : (Record no. 28876)

000 -LEADER
fixed length control field 01383 a2200229 4500
020 ## - INTERNATIONAL STANDARD BOOK NUMBER
International Standard Book Number 0750633719
020 ## - INTERNATIONAL STANDARD BOOK NUMBER
International Standard Book Number 9780750633710
082 04 - DEWEY DECIMAL CLASSIFICATION NUMBER
Classification number 537.67
090 ## - LOCALLY ASSIGNED LC-TYPE CALL NUMBER (OCLC); LOCAL CALL NUMBER (RLIN)
-- 241
-- 241
100 1# - MAIN ENTRY--PERSONAL NAME
Personal name Berestetskii, V B.
245 10 - TITLE STATEMENT
Title Quantum electrodynamics, second edition :
Remainder of title .
Number of part/section of a work Volume 4 /
Statement of responsibility, etc. V B Berestetskii, L. P. Pitaevskii, E.M. Lifshitz.
250 ## - EDITION STATEMENT
Edition statement 2nd ed.
260 ## - PUBLICATION, DISTRIBUTION, ETC.
Place of publication, distribution, etc. [S.l.] :
Name of publisher, distributor, etc. Butterworth-Heinemann,
Date of publication, distribution, etc. 1982.
300 ## - PHYSICAL DESCRIPTION
Extent 667 p. ;
Dimensions 25 cm.
520 ## - SUMMARY, ETC.
Summary, etc. Several significant additions have been made to the second edition, including the operator method of calculating the bremsstrahlung cross-section, the calcualtion of the probabilities of photon-induced pair production and photon decay in a magnetic field, the asymptotic form of the scattering amplitudes at high energies, inelastic scattering of electrons by hadrons, and the transformation of electron-positron pairs into hadrons.
700 1# - ADDED ENTRY--PERSONAL NAME
Personal name Pitaevskii, L. P.
700 1# - ADDED ENTRY--PERSONAL NAME
Personal name Lifshitz, E.M.
942 ## - ADDED ENTRY ELEMENTS (KOHA)
Institution code [OBSOLETE] SNS
Koha item type Book
Call number prefix 537.67 BER
Holdings
Withdrawn status Lost status Damaged status Not for loan Permanent Location Current Location Date acquired Total Checkouts Full call number Barcode Date last seen Price effective from Koha item type
        School of Natural Sciences (SNS) School of Natural Sciences (SNS) 05/26/2016   537.67 BER SNS0000148 05/26/2016 05/26/2016 Book
        School of Natural Sciences (SNS) School of Natural Sciences (SNS) 05/26/2016   537.67 BER SNS0000710 06/14/2021 05/26/2016 Book
        School of Natural Sciences (SNS) School of Natural Sciences (SNS) 05/26/2016   537.67 BER SNS0000869 05/26/2016 05/26/2016 Book
© 2023 Central Library, National University of Sciences and Technology. All Rights Reserved.